Coconut recipes around the world (Record no. 207862)

MARC details
000 -LEADER
fixed length control field 00469nam a2200169Ia 4500
008 - FIXED-LENGTH DATA ELEMENTS--GENERAL INFORMATION
fixed length control field 231221s9999 xx 000 0 und d
041 ## - LANGUAGE CODE
Language code of text/sound track or separate title English
082 ## - DEWEY DECIMAL CLASSIFICATION NUMBER
Classification number 641.3461 IYE;1 R
100 ## - MAIN ENTRY--PERSONAL NAME
Personal name Iyer, Rohini ed Thampan, P K ed
245 #0 - TITLE STATEMENT
Title Coconut recipes around the world
260 ## - PUBLICATION, DISTRIBUTION, ETC.
Date of publication, distribution, etc. 1994
Name of publisher, distributor, etc. Interline
Place of publication, distribution, etc. Bangalore
300 ## - PHYSICAL DESCRIPTION
Extent 173
500 ## - GENERAL NOTE
General note E.-509
650 ## - SUBJECT ADDED ENTRY--TOPICAL TERM
Topical term or geographic name entry element Hotel management-Coconut Recipes
650 ## - SUBJECT ADDED ENTRY--TOPICAL TERM
Topical term or geographic name entry element Hotel management-Coconut Recipes
942 ## - ADDED ENTRY ELEMENTS (KOHA)
Koha item type Hotel Management Library
Holdings
Date last seen Total checkouts Full call number Accession number Cost, total (INR) price Price effective from Category Lost status Damaged status Department Withdrawn status Home library Current library Shelving location Entry date Vendor Cost, normal purchase price Grants Billnumber Billdate Currency symbol Conversion rate Discount Old discount
26/01/2024   641.3461 IYE;1 R HM452 144.00 26/01/2024 Hotel Management Library     HEM   Central Library Central Library HM   Inter Line 180.00 HM 369 21/06/2010 RS 1 36 20
26/01/2024   641.3461 IYE;2 R1 HM453 144.00 26/01/2024 Hotel Management Library     HEM   Central Library Central Library HM   Inter Line 180.00 HM 369 21/06/2010 RS 1 36 20
26/01/2024   641.3461 IYE;3 HM454 144.00 26/01/2024 Hotel Management Library     HEM   Central Library Central Library HM   Inter Line 180.00 HM 369 21/06/2010 RS 1 36 20

© For any Suggestions or Query, please contact the library staff @ librarian@pes.edu or Phone: +9180 2672 1983/ 2108.